000 00728nam a2200253Ia 4500
003 OSt
005 20220928114447.0
006 a|||||r|||| 00| 0
007 ta
008 220927b |||||||| |||| 00| 0 eng d
020 _c1788.24
024 _a125433
037 _b204, 17/12/2014, Classic Book Service
_cTextual
040 _aSDCL
_cSDCL
_beng
041 _2eng
_aeng
082 _aR3xN44, Q4
100 _ascruton Roger
_9371196
245 0 _aSoul of the world
260 _aPrinceton
_bPrinceton University Press
_c2014
300 _aviii;205p.
_ccm.
650 _aPhilosophy
942 _hR3xN44, Q4
_cTEXL
_2CC
999 _c754406
_d754406